Ερμής ο Κερδώος ήτοι εμπορική εγκυκλοπαίδεια

Αποθηκεύτηκε σε:
Λεπτομέρειες βιβλιογραφικής εγγραφής
Κύριος συγγραφέας: Παπαδόπουλος, Νικόλαος
Μορφή: Βιβλίο
Γλώσσα:Greek
Δημοσίευση: Αθήνα : Πολιτιστικό Τεχνολογικό Ιδρυμα ΕΤΒΑ, 1989
Θέματα:
Ετικέτες: Προσθήκη ετικέτας
Δεν υπάρχουν, Καταχωρήστε ετικέτα πρώτοι!

MARC

LEADER 00000nam a2200000 i 4500
001 1/105452
008 950621s1989 gre d
020 |a 960-244-001-5 
035 |l 10013675 
040 |a GR-MY-UA  |b gre  |e aacr 
041 0 |a gre 
082 0 |a 380.1 
100 1 |a Παπαδόπουλος, Νικόλαος. 
245 1 0 |a Ερμής ο Κερδώος ήτοι εμπορική εγκυκλοπαίδεια /  |c Νικόλαος Παπαδόπουλος 
260 |a Αθήνα :   |b Πολιτιστικό Τεχνολογικό Ιδρυμα ΕΤΒΑ,   |c 1989 
300 |a 4 τ. 
500 |a Ανατύπωση του έργου του Νικολάου Παπαδόπουλου, Ερμής ο Κερδώος ήτοι εμπορική εγκυκλοπαίδεια, του οποίου 4 τόμοι εκδόθηκαν στη Βενετία τα χρόνια 1815-1817 
505 0 |a Περιεχόμενα: τ.1: Ερμανθή ήτοι εμπορική σπουδή, Λεξικόν εμπορικής ύλης Α-Κ, τ.2: Λεξικόν εμπορικής ύλης Λ-Ω, τ.3: Εμπορικό-γεωγραφικόν λεξικόν Α-Β, τ.4: Εμπορικόν-γεωγραφικόν λεξικόν Γ-Κ, Τόμοι Α-Δ παράρτημα της ανατύπωσης 
650 0 0 |a Commerce  |x Encyclopedias. 
650 0 0 |a Commerce  |x History. 
852 |a INST  |b LESVOS  |e 20000316  |h 380.1 ΠΑΠ  |p 005100000022  |q 005100000022  |t BK  |y 0  |z τ.2 
852 |a INST  |b LESVOS  |e 20000316  |h 380.1 ΠΑΠ  |p 005100000023  |q 005100000023  |t BK  |y 0  |z τ.3 
852 |a INST  |b LESVOS  |e 20000316  |h 380.1 ΠΑΠ  |p 005100000024  |q 005100000024  |t BK  |y 0  |z τ.4 
852 |a INST  |b LESVOS  |e 20000316  |h 380.1 ΠΑΠ  |p 005100000025  |q 005100000025  |t BK  |y 0  |z ??? 
852 |a INST  |b LESVOS  |e 19950621  |h 380.1 ΠΑΠ  |p 005100000042  |q 005100000042  |t BK  |y 0  |z τ.1 
852 |a INST  |b LESVOS  |e 20000316  |h 380.1 ΠΑΠ  |p 005100000022  |q 005100000022  |t BK  |v τ.2:  |y 0  |z τ.2 
852 |a INST  |b LESVOS  |e 20000316  |h 380.1 ΠΑΠ  |p 005100000023  |q 005100000023  |t BK  |v τ.3:  |y 0  |z τ.3 
852 |a INST  |b LESVOS  |e 20000316  |h 380.1 ΠΑΠ  |p 005100000024  |q 005100000024  |t BK  |v τ.4:  |y 0  |z τ.4 
852 |a INST  |b LESVOS  |e 20000316  |h 380.1 ΠΑΠ  |p 005100000025  |q 005100000025  |t BK  |v (Unknown.)???:  |y 0  |z ??? 
852 |a INST  |b LESVOS  |e 19950621  |h 380.1 ΠΑΠ  |p 005100000042  |q 005100000042  |t BK  |v τ.1:  |y 0  |z τ.1 
853 |a INST  |b LESVOS  |h 380.1 ΠΑΠ 
909 |a Λ  |b 019620 
909 |a Λ  |b 019619 
909 |a Λ  |b 019618 
909 |a Λ  |b 019617 
909 |a Λ  |b 019623 
920 |a ΔΩΡΕΑ ΒΙΒΛΙΟΘΗΚΗΣ  |y ΛΕΣΒΟΣ  |z 1991-04 
970 |a ΚΑΜΑΤΣΟΥ  |b ΔΕΣΠΟΙΝΑ  |z 2000/03/16